#1 Hity lat 2000 - Statystyki

Ogólne statystyki
  • Ten quiz został rozwiązany 58 razy
  • Średni wynik to 23 z 83
Statystyki odpowiedzi
Wskazówka Artysta % Poprawnych
Just Dance / Poker Face Lady Gaga
98%
SOS / Umbrella / Take a Bow / Disturbia Rihanna
96%
3 / Womanizer Britney Spears
90%
I Kissed a Girl Katy Perry
90%
Crazy in Love / +4 others Beyoncé
84%
Crack a Bottle Eminem / Dr. Dre / 50 Cent
84%
Lose Yourself Eminem
78%
Empire State of Mind Jay-Z / Alicia Keys
78%
Hips Don't Lie Shakira
78%
SexyBack / My Love / What Goes Around... Comes Around Justin Timberlake
71%
In Da Club / 21 Questions / Candy Shop 50 Cent
69%
Lady Marmalade Christina Aguilera / Lil' Kim / Mýa /P!nk
67%
Viva la Vida Coldplay
67%
I Gotta Feeling / Boom Boom Pow The Black Eyed Peas
65%
Ms. Jackson / Hey Ya! / The Way You Move Outkast
61%
Gold Digger / Stronger Kanye West
59%
So What P!nk
59%
Yeah! / +6 others Usher
59%
Promiscuous / Say it Right Nelly Furtado
57%
Hot in Herre / Dilemma / Grillz Nelly
55%
Shake Ya Tailfeather Nelly / P. Diddy / Murphy Lee
55%
Girlfriend Avril Lavigne
51%
Low / Right Round Flo Rida
47%
Whatever You Like / Live Your Life T.I.
43%
Fallin' / No One Alicia Keys
39%
London Bridge / Glamorous / Big Girls Don't Cry Fergie
39%
Hollaback Girl Gwen Stefani
35%
Music Madonna
33%
How You Remind Me Nickelback
33%
It Wasn't Me / Angel Shaggy
33%
What a Girl Wants / Come on Over Baby (All I Want Is You) Christina Aguilera
29%
A Moment Like This / My Life Would Suck Without You Kelly Clarkson
29%
Drop It Like It's Hot Snoop Dogg
29%
You're Beautiful James Blunt
24%
Whatcha Say Jason Derulo
24%
I'm Real / Ain't it Funny / All I Have Jennifer Lopez
24%
Get Busy / Temperature Sean Paul
24%
Give it to Me Timbaland
24%
I Wanna Love You / Don't Matter Akon
22%
Say My Name / Independent Women Part I / Bootylicious Destiny's Child
18%
Bleeding Love Leona Lewis
18%
It's Gonna Be Me 'N Sync
16%
Fireflies Owl City
16%
Makes me Wonder Maroon 5
14%
Smooth / Maria Maria Santana
14%
Beautiful Girls Sean Kingston
14%
Run It! / Kiss Kiss Chris Brown
10%
Lollipop Lil Wayne
10%
Thank God I Found You / + 3 others Mariah Carey
10%
Family Affair Mary J. Blige
10%
So Sick Ne-Yo
10%
With Arms Wide Open Creed
8%
Be With You Enrique Iglesias
8%
Ridin' Chamillionaire
6%
Butterfly Crazy Town
6%
Doesn't Really Matter / All for You Janet Jackson
6%
Bad Day Daniel Powter
4%
Down Jay Sean
4%
Let me Love You Mario
4%
Crank That (Soulja Boy) Soulja Boy Tell 'Em
4%
Buy U a Drank (Shawty Snappin') T-Pain
4%
Try Again Aaliyah
2%
Foolish Ashanti
2%
Goodies Ciara
2%
Hey There Delilah Plain White T's
2%
I Knew I Loved You Savage Garden
2%
Everything You Want Vertical Horizon
2%
Bump, Bump, Bump B2K
0%
Inside Your Heaven Carrie Underwood
0%
This Is the Night Clay Aiken
0%
Laffy Taffy D4L
0%
I Believe Fantasia
0%
Always on Time Ja Rule
0%
Stutter Joe
0%
Slow Motion Juvenile
0%
Amazed Lonestar
0%
Stand Up / Money Maker Ludacris
0%
Bent Matchbox Twenty
0%
This Is Why I'm Hot Mims
0%
Incomplete Sisqó
0%
Do I Make You Proud Taylor Hicks
0%
Lean Back Terror Squad
0%
Slow Jamz Twista
0%
Nie znaleziono quizów pasujących do podanych kryteriów
Rozkład punktacji
Procent ludzi z każdym wynikiem
Percentyl według liczby udzielonych odpowiedzi
Twoja historia wyników
Nie rozwiązałeś tego quizu